Biblioteca

Deportivo Independiente Medellín : El Poderoso / Investigación y redacción Juan Manuel Uribe... [et al.] (Registro nro. 49004)

Detalles MARC
000 -LÍDER
Campo fijo de descripción fija 006320000a22002050004500
001 - NÚMERO DE CONTROL
Campo de control 1850
003 - IDENTIFICADOR DEL NÚMERO DE CONTROL
Campo de control CO-MdFUSB
005 - FECHA Y HORA DE LA ULTIMA TRANSACCIÓN
control field 20180503125052.0
008 - ELEMENTOS DE LONGITUD FIJA -- INFORMACIÓN GENERAL
Campo fijo de descripción fija -- Información general 180503b xxu||||| |||| 00| 0 eng d
020 ## - NÚMERO INTERNACIONAL NORMALIZADO PARA LIBROS
Número Internacional Normalizado del libro 958-8240-21-2
040 ## - FUENTE DE CATALOGACIÓN
Agencia que realiza la transcripción CO-MdBIC
082 04 - NÚMERO DE CLASIFICACIÓN DECIMAL DEWEY
Número de clasificación 796 C71dim
100 1# - ASIENTO PRINCIPAL--NOMBRE PERSONAL
Nombre personal Uribe, Manuel
245 10 - TÍTULO
Título del Material Deportivo Independiente Medellín : El Poderoso / Investigación y redacción Juan Manuel Uribe... [et al.]
260 ## - PUBLICACIÓN, DISTRIBUCIÓN, ETC. (PIE DE IMPRENTA)
Lugar de publicación, distribución, etc. Medellín : Periódicos Asociados
300 ## - DESCRIPCIÓN FÍSICA
Extensión 159 P.
500 ## - NOTA GENERAL
Nota General Deportivo Independiente Medellín Historia
650 14 - ASIENTO SECUNDARIO DE MATERIA - TERMINO TEMÁTICO
Término temático o nombre geográfico como elemento de entrada Clubes deportivos \ Futbol -- Medellín (Antioquia)
942 ## - TIPO DE MATERIAL (KOHA)
Tipo de Item KOHA Z- Libro General BINCO
Existencias
Estado de Material Estado de Perdido Forma de Clasificación Volumen-Parte/Tomo Estado de Dañado No para Préstamo Tomo Biblioteca de Origen Biblioteca Permanente Fecha de Adquisición Total de Préstamos Signatura Topográfica Código de Barras Última vez visto Ejemplar/Existencia Fecha de Remplazo Tipo de Material
    Dewey Decimal Classification         Biblioteca Infantil Comunitaria BINCO Biblioteca Infantil Comunitaria BINCO 11/12/2008   796 C71dim B31862 24/11/2016 1 26/01/2016 Z- Libro General BINCO

Biblioteca FUSBC | Teléfono: (57+4) 349 88 10 Ext. 141| WhatsApp (+57) 3005338115 
E-mail: biblioteca@unisbc.edu.co | Calle 76 87-14 Robledo Palenque, Medellín, Colombia

Con tecnología Koha